[Event "Quebec Montcalm op 1 2014-15"]
[Site "Quebec"]
[Date "2014.09.11"]
[Round "2"]
[White "Boulianne, Gabriel"]
[Black "Teurtrie, Norbert"]
[Result "1-0"]
[WhiteElo "1780"]
[BlackElo "1150"]
[PlyCount "61"]
[EventDate "2014.09.04"]
[EventType "swiss"]
[EventRounds "5"]
[EventCountry "CAN"]
[SourceTitle "EXT 2022"]
[Source "ChessBase"]
[SourceDate "2021.10.06"]
[SourceVersion "1"]
[SourceVersionDate "2021.10.06"]
[SourceQuality "1"]

1. e4 e5 2. Nf3 Nc6 3. Bc4 Nf6 4. Ng5 d5 5. exd5 Nxd5 6. Nxf7 Kxf7 7. Qf3+ Ke8 8. Bxd5 Ne7 9. Bf7+ Kd7 10. Qd3+ Nd5 11. Bxd5 c6 12. Bxc6+ Kc7 13. Qxd8+ Kxd8 14. Be4 Bc5 15. d3 g6 16. Nc3 Rf8 17. 0-0 Be6 18. Bxb7 Rb8 19. Bd5 Rb6 20. Bxe6 Rxe6 21. Bg5+ Kc8 22. Nd5 Rf5 23. Be3 Bd4 24. Bxd4 exd4 25. c4 Kd7 26. Rfe1 Ref6 27. Nxf6+ Rxf6 28. Re4 h5 29. Rxd4+ Ke6 30. Re1+ Kf7 31. Rd7+ 1-0